[Event "Magnus Carlsen Invitational-KO 2021"]
[Site "Online"]
[Date "2021.03.16"]
[Round "1.2"]
[White "Aronian, Levon"]
[Black "Carlsen, Magnus"]
[Result "1/2-1/2"]
[WhiteElo "2781"]
[BlackElo "2847"]
[Annotator "TA"]
[PlyCount "141"]
[EventDate "2021.03.16"]
[EventType "k.o."]
[EventCountry "NET"]

{[%evp 20,140,35,11,24,23,27,17,21,14,18,14,26,16,23,21,52,42,30,33,41,29,23,30,41,41,35,29,38,27,40,46,52,52,58,52,52,52,51,52,89,50,66,0,55,54,52,39,61,16,20,8,18,0,182,187,327,319,491,482,350,226,226,227,228,222,221,150,145,161,159,149,145,135,326,324,830,265,366,274,262,258,754,735,689,658,1003,1003,981,816,861,624,1473,180,181,8,8,8,8,8,8,8,8,8,8,8,8,8,8,8,8,8,8,8,8,8,8,8,8,8,8,8,8]} 1. e4 e5 2. Nf3 Nc6 3. Bb5 Nf6 4. O-O Nxe4 5. d4 Nd6 6. Bxc6 dxc6 7. dxe5 Nf5 8. Qxd8+ Kxd8 9. Rd1+ Ke8 10. Nc3 Ne7 11. Nd4 (11. h3 {seems wilder.} Bf5 12. Nd4 Bg6 13. Bf4 Nf5 14. Nf3) 11... Bg4 {C67: Ruy Lopez: Berlin Defence: 4 0-0 Nxe4.} 12. f3 Bd7 {[#]} 13. a4 $146 ({Predecessor:} 13. Ne4 Rd8 14. Bg5 b6 15. Re1 Rg8 16. a4 Rc8 17. Rad1 a6 18. a5 c5 19. Ne2 {½-½ (41) Grischuk,A (2763)-Karjakin,S (2785) Moscow 2012}) 13... Nf5 {Strongly threatening ...Nxd4.} 14. Nde2 Bc5+ 15. Kf1 h5 16. Ne4 Be7 17. Kf2 c5 18. Bg5 b6 19. Nf4 Bc6 20. Nd5 Bxd5 21. Rxd5 Nd4 22. c3 Ne6 23. Be3 Rd8 24. Rad1 Rxd5 25. Rxd5 h4 26. f4 Rh5 27. c4 Nd8 28. Kf3 Nc6 29. b3 Na5 30. Rd3 Nc6 31. Rd5 ({White should try} 31. Nc3 $14) 31... Nb4 (31... Na5 $11) 32. Rd2 $14 Nc6 33. Kg4 $36 {[%mdl 2048] White is pushing.} Rh6 34. Rd5 Rg6+ 35. Kf3 {Threatens to win with f5.} Re6 36. Bf2 Nd4+ $2 (36... g5 $11 {and Black stays safe.}) 37. Bxd4 $18 c6 (37... cxd4 {was necessary.} 38. Rxd4 f5) 38. Bxc5 $1 cxd5 (38... bxc5 {was called for.} 39. Rd1 Bf8) 39. cxd5 {[%mdl 4096] Endgame KRB-KBN} Rh6 40. Bd4 Rh5 41. Kg4 g6 {[#]} 42. Kf3 $1 Kd7 43. Nd2 Bb4 {[#]} 44. Nc4 Ke7 45. Ke4 Rh8 46. Bf2 h3 $2 (46... Ke8 $16 47. Kf3 Kd7) 47. g4 Bc5 $2 (47... Kf8 48. d6 Ke8) 48. Bg3 $2 (48. d6+ Kd7 49. Bxc5 bxc5 50. Kd5) 48... b5 49. Na5 bxa4 50. bxa4 f5+ $2 (50... Rg8 51. Nc6+ Kd7) 51. gxf5 gxf5+ 52. Kxf5 Rg8 {Threatening ...Rxg3.} 53. Bh4+ Kd7 54. e6+ Kc7 55. Bg5 Bg1 56. Kg4 $2 (56. Nc4) 56... Kd6 57. Nc6 $2 (57. Kxh3 $18 {Hoping for Nc6.} Kxd5 58. e7) 57... Bxh2 $11 {The position is equal.} 58. Kxh3 Rh8+ 59. Kg4 {aiming for Ne7.} Kxd5 {[#]} 60. Nd4 {Black should prevent e7.} Bxf4 (60... Rg8 61. Nf3) 61. Kxf4 Kxd4 {KR-KB} 62. Bf6+ {[%mdl 64] Double Attack} Kd5 {...Re8 is the strong threat.} 63. Bxh8 {e7 would kill now.} Kxe6 {KB-KP} 64. Ke4 {White threatens Be5 and mate.} Kd6 65. a5 Kc6 66. Bc3 $1 a6 67. Kd4 Kb7 68. Kc5 Ka8 69. Kb6 Kb8 70. Kxa6 Ka8 71. Be5 {Black escapes into a draw.  Weighted Error Value: White=0.43/Black=0.27} 1/2-1/2

[Event "Magnus Carlsen Invitational-KO 2021"]
[Site "Online"]
[Date "2021.03.16"]
[Round "1.2"]
[White "Giri, Anish"]
[Black "Vachier-Lagrave, Maxime"]
[Result "1-0"]
[WhiteElo "2776"]
[BlackElo "2758"]
[Annotator "TA"]
[PlyCount "84"]
[EventDate "2021.03.16"]
[EventType "k.o."]
[EventCountry "NET"]
[SourceTitle "playchess.com"]
[Source "ChessBase"]
[SourceQuality "1"]

{[%evp 18,84,33,27,29,22,38,20,15,0,11,0,17,0,0,0,21,0,35,43,38,43,37,29,35,28,36,39,30,29,114,67,71,68,138,133,108,105,170,166,270,268,308,256,308,298,283,295,287,266,341,321,1232,330,322,320,404,422,402,322,312,302,322,307,758,758,797,774,29994]} 1. e4 c5 2. Nf3 d6 3. d4 cxd4 4. Nxd4 Nf6 5. Nc3 Nc6 6. Bg5 e6 7. Qd2 a6 8. O-O-O Bd7 {The main line 8...Bd7 scores better than 8...h6.} 9. f3 Nxd4 10. Qxd4 Be7 {B67: Sicilian: Richter-Rauzer: 7...a6 8 0-0-0 Bd7, lines without 9 f4 Be7.} 11. Kb1 Qc7 12. Qd2 $5 {[%mdl 4] Exploring less charted territory.} b5 {The position is equal.} 13. g4 h5 14. gxh5 Nxh5 15. h4 b4 16. Ne2 a5 {[#]} 17. c3 $5 $146 {[%mdl 8] An interesting novelty.} ({Predecessor:} 17. Nd4 Rb8 18. Bh3 g6 19. Rhg1 e5 20. Bxd7+ Qxd7 21. Bxe7 Kxe7 22. Ne2 Qe6 23. Qe3 {0-1 (54) Areshchenko,A (2652)-Demchenko,A (2645) Tbilisi 2017}) 17... f6 18. Be3 e5 19. Bh3 Bxh3 20. Rxh3 Qc4 21. cxb4 axb4 22. b3 Qe6 23. Rh2 f5 (23... Kf7 $11 {remains equal.}) 24. Bg5 fxe4 25. fxe4 O-O {White stays focused until the end.} (25... Rb8 $1 $14) 26. Bxe7 $16 Qxe7 27. Qxb4 Qa7 {[#]} (27... Rad8 $16) 28. Nc3 $1 $18 Nf6 (28... Rac8 $142) 29. Qxd6 Qe3 30. Qd3 Qc5 31. Nd5 Kh8 32. Nxf6 Rxf6 33. h5 Raa6 34. Rc2 Qa3 (34... Qf8) 35. Qg3 $2 (35. h6 {Intending hxg7+ and mate.} Rxh6 36. Qd7) 35... Qe7 36. Rdc1 {[#] aiming for Rc7.} Rf4 37. Rc8+ Kh7 38. R8c6 Rxc6 39. Rxc6 Qd7 40. Rc1 Rg4 $2 (40... Qf7 41. a4 Rf6) 41. Qxe5 Qd3+ 42. Ka1 {White threatens Qf5+ and mate.} Rg2 {Weighted Error Value: White=0.25/Black=0.27} 1-0

[Event "Magnus Carlsen Invitational-KO 2021"]
[Site "Online"]
[Date "2021.03.16"]
[Round "1.2"]
[White "So, Wesley"]
[Black "Firouzja, Alireza"]
[Result "1-0"]
[WhiteElo "2770"]
[BlackElo "2759"]
[Annotator "TA"]
[PlyCount "51"]
[EventDate "2021.03.16"]
[EventType "k.o."]
[EventCountry "NET"]
[SourceTitle "playchess.com"]
[Source "ChessBase"]
[SourceQuality "1"]

{[%evp 11,50,24,24,24,22,26,45,10,7,20,53,50,36,61,64,52,52,45,60,45,54,72,68,52,60,63,147,139,189,160,248,247,249,238,217,222,238,229,564,496,29999]} 1. e4 c6 2. d4 d5 3. e5 Bf5 4. Nf3 e6 5. Be2 Ne7 6. O-O h6 7. Nbd2 {B12: Caro-Kann: Advance Variation.} Nd7 8. Nb3 g5 9. Bd2 {White is slightly better.} a5 10. a4 Qc7 11. c3 {[#] 11.Rc1 is setting a new trend.} f6 $146 ({Predecessor:} 11... Bg7 12. Ne1 c5 13. Bb5 Nc6 14. f4 c4 15. Nc1 O-O-O 16. b3 Nb6 17. fxg5 hxg5 18. Bxg5 {½-½ (73) Najer,E (2667)-Lobanov,S (2515) Sochi 2018}) 12. exf6 Ng6 13. c4 Bd6 $1 14. cxd5 exd5 {[#]} 15. Bd3 $1 {[%cal Rd3f5]} Bxd3 16. Bxa5 $1 Rxa5 17. Qxd3 Kf7 {aiming for ...Raa8.} 18. Nxa5 Qxa5 (18... g4 $1 $14 19. Ne5+ Ndxe5 20. dxe5 Bxe5) 19. Qf5 $36 {[%mdl 2048] White has strong initiative.} Qd8 20. Rae1 Ngf8 {[#]} (20... Ndf8 $16 {was called for.}) 21. Re7+ $1 $18 {[%mdl 576] Decoy} Bxe7 22. fxe7+ Kxe7 {White must now prevent ...Ne6.} 23. Re1+ Kd6 {Hoping for ...Qf6.} 24. Ne5 {Strongly threatening Nf7+.} Rh7 (24... Qb6 {is tougher.}) 25. Nxd7 Qxd7 (25... Re7 $18 26. Ne5 Kc7) 26. Qe5# {Weighted Error Value: White=0.03/Black=0.69} 1-0

[Event "Magnus Carlsen Invitational-KO 2021"]
[Site "Online"]
[Date "2021.03.16"]
[Round "1.2"]
[White "Firouzja, Alireza"]
[Black "So, Wesley"]
[Result "0-1"]
[WhiteElo "2759"]
[BlackElo "2770"]
[Annotator "TA"]
[PlyCount "102"]
[EventDate "2021.03.16"]
[EventType "k.o."]
[EventCountry "NET"]

{[%evp 9,102,0,0,0,0,0,0,0,0,-12,0,0,0,0,0,0,0,-110,0,0,-4,-4,-4,-175,-5,0,24,9,0,0,14,0,64,66,67,81,77,0,0,0,0,0,0,0,0,0,0,0,20,-19,-12,-80,-87,-76,-14,-22,-22,-22,-23,-25,-18,-43,-27,-33,-47,-36,-35,-40,-47,-7,0,0,0,0,0,0,0,0,0,-95,-95,-95,-95,-149,-83,-97,-8,-95,-99,-335,-332,-227,-138,-5598,-5522]} 1. d4 Nf6 2. Nc3 d5 3. Bf4 a6 4. e3 e6 5. g4 Bb4 6. Nge2 {D00: 1 d4 d5: Unusual lines.} O-O 7. a3 Be7 8. g5 {The position is equal.} Nh5 9. h4 Nxf4 10. Nxf4 c5 {[#]} 11. Bd3 $146 ({Predecessor:} 11. Qf3 Nc6 12. O-O-O b5 13. dxc5 b4 14. Ncxd5 exd5 15. Nxd5 bxa3 16. bxa3 Rb8 17. Qe4 {0-1 (29) Akhmetov,A (2430)-Bocharov,D (2506) Astana 2019}) 11... c4 12. Bxh7+ Kxh7 13. Qh5+ Kg8 {[#] Strongly threatening ...Nd7.} 14. g6 fxg6 15. Nxg6 {Threatening mate with Qh8+.} Rf5 16. Qh8+ Kf7 17. Qh7 Bf6 18. e4 dxe4 {White must now prevent ...Nc6.} 19. Nh8+ Ke7 {[#] And now ...Bd7 would win.} 20. O-O-O $1 Nd7 (20... Bxd4 $2 21. Rhg1 $18) (20... Kd7 $11) 21. Nxe4 $14 {Ng6+ would kill now.} Nf8 22. Qg8 {[%csl Gh8][%cal Rg8f7]} Qe8 (22... Bxd4 $2 23. c3 $18) 23. h5 (23. Nxf6 $16 gxf6 24. Qg7+ Kd6 25. h5) 23... Nd7 $1 $11 (23... Rxh5 $2 24. Nxf6 Rxh8 25. Qxg7+ Qf7 26. Qxf7+ (26. Qxh8 Qxf6 27. Rdg1 Qxh8 $16) 26... Kxf7 27. Rxh8 $18) 24. Ng6+ Kd8 $1 25. Qxe8+ Kxe8 26. Nd6+ Kd8 27. Nxf5 exf5 28. f4 a5 29. d5 Ra6 30. Rhe1 (30. d6 $1 $11 {was the only way to keep the balance.}) 30... Nc5 $17 31. Ne5 Bd7 (31... Ne4 $17) 32. Rg1 Kc7 33. Nxc4 Ne4 34. Ne5 Kd6 35. h6 gxh6 36. Rg6 h5 37. Rh6 Be8 38. Rh7 {Threatens to win with Nc4+.} b5 ({Don't blunder} 38... Bxe5 $2 39. fxe5+ Kxe5 40. Re7+ Kf6 41. Rxe8 $18) 39. a4 Nf2 ({But not} 39... Bxe5 $2 40. fxe5+ Kc5 41. Rc7+ Kb6 42. Rc8 $18) 40. Rh6 Kc5 41. d6 $1 {[%cal Rd6d7]} Bxe5 42. fxe5 Nxd1 43. d7 $1 {[%cal Rd7e8]} Ra8 ({Much weaker is} 43... Bxd7 $6 44. Rxa6 Ne3 45. e6 $16) 44. Rh8 (44. dxe8=Q $11 Rxe8 45. Kxd1) 44... Bxd7 45. Rxa8 Ne3 {...f4 is the strong threat.} 46. Ra6 (46. Rd8 $142 Bc6 47. axb5 Bxb5 48. e6) 46... Nc4 (46... bxa4 $142 {Hoping for ...Bc6.} 47. e6 Bb5) 47. e6 Be8 (47... Bc6 $17 {aiming for ...Nd6.} 48. axb5 Kxb5) 48. e7 (48. b3 $11 {keeps the balance.} Nd6 49. axb5) 48... bxa4 49. Ra8 $2 (49. b3 $17 axb3 50. cxb3) 49... Nd6 $19 50. Rxa5+ Kb6 51. Ra8 {[%mdl 8192]} (51. Re5 $17) 51... h4 {Weighted Error Value: White=0.40/Black=0.14} 0-1

[Event "Magnus Carlsen Invitational-KO 2021"]
[Site "Online"]
[Date "2021.03.16"]
[Round "1.2"]
[White "Vachier-Lagrave, Maxime"]
[Black "Giri, Anish"]
[Result "1/2-1/2"]
[WhiteElo "2758"]
[BlackElo "2776"]
[Annotator "TA"]
[PlyCount "99"]
[EventDate "2021.03.16"]
[EventType "k.o."]
[EventCountry "NET"]
[SourceTitle "playchess.com"]
[Source "ChessBase"]
[SourceQuality "1"]

{[%evp 17,99,8,16,0,15,0,0,0,0,0,0,0,0,12,28,25,38,50,53,32,45,33,40,35,31,35,43,8,14,13,56,33,54,48,73,42,49,11,46,40,54,59,66,66,52,55,50,0,9,0,0,-55,0,0,0,0,0,0,0,-50,-37,-27,-21,-107,-107,-104,-105,-104,-118,-98,-12,-12,0,-49,0,0,0,-48,0,0,0,-68,0,-9]} 1. e4 c5 2. Nf3 d6 3. d4 cxd4 4. Nxd4 Nf6 5. Nc3 a6 6. Be2 e5 7. Nb3 Be7 8. O-O O-O 9. Qd3 Be6 10. Bd2 {[#] B92: Sicilian Najdorf: 6 Be2.} Re8 $146 ({Predecessor:} 10... Nbd7 11. Nd5 Bxd5 12. exd5 a5 13. a4 Ne8 14. Qh3 Ndf6 15. Rfd1 g6 16. Bh6 Ng7 17. Nd2 Qc7 {1-0 (42) Esipenko,A (2683)-Sakaev,K (2612) Sochi 2020}) 11. Nd5 Nxd5 12. exd5 Bc8 13. a4 a5 14. f4 Nd7 15. Qe3 exf4 16. Qxf4 Ne5 17. Bb5 {Black must now prevent Bxa5.} Rf8 18. Rae1 Bf6 19. Nd4 Ng4 {[#] Hoping for ...Be5.} 20. Ne6 $1 fxe6 21. Qxg4 e5 22. Qg3 Bd7 23. Qb3 Qb6+ 24. Be3 Qc7 25. Bd3 Rae8 26. Bb6 Qc8 27. Qa3 Qb8 (27... Bh4 $5 {[%cal Rh4e1]}) 28. Be4 Bd8 29. Be3 {Strongly threatening Qd3.} Bh4 30. g3 Be7 31. Qd3 h6 32. Qd2 b5 33. Bxh6 bxa4 34. Bg5 (34. Qe2 $11 Qxb2 35. Bc1) 34... Bh3 ({Black should play} 34... Rxf1+ $1 $15 35. Rxf1 Bh3) 35. Rxf8+ $11 Rxf8 36. Bxe7 Qa7+ 37. Kh1 Qxe7 38. Bg2 (38. Qxa5 {is interesting.} Qf7 39. Qb6 Bg4 40. Qe3 Qb7 41. Qg5) 38... Bxg2+ 39. Kxg2 $15 {[%mdl 4096] Endgame KQR-KQR} Qb7 40. Qxa5 {[#]} (40. c4 $11 {remains equal.}) 40... Ra8 $1 $17 {[%cal Ra8a5]} ({Much weaker is} 40... Qf7 $6 41. Qd2 $11) 41. Qc3 Rc8 ({Don't take} 41... Qxd5+ 42. Qf3 $15) 42. Qd3 Qxb2 43. Re2 {[#]} Qb7 ({Better is} 43... Qd4 $1 $17 {Black wants to play ...Rc4.} 44. Re4 Qxd3 45. cxd3 Ra8) 44. c4 $11 Ra8 45. Qa3 Qb6 46. Rf2 Qc7 47. Rc2 Qb6 48. Rf2 Qc7 (48... Qd8 $11) 49. Rc2 $15 Qb6 (49... Qd7 $15) 50. Rf2 {Weighted Error Value: White=0.17/Black=0.14} 1/2-1/2

[Event "Magnus Carlsen Invitational-KO 2021"]
[Site "Online"]
[Date "2021.03.17"]
[Round "2.1"]
[White "Carlsen, Magnus"]
[Black "Nepomniachtchi, Ian"]
[Result "0-1"]
[WhiteElo "2847"]
[BlackElo "2789"]
[Annotator "TA"]
[PlyCount "90"]
[EventDate "2021.03.16"]
[EventType "k.o."]
[EventCountry "NET"]
[SourceTitle "playchess.com"]
[Source "ChessBase"]
[SourceQuality "1"]

{[%evp 9,90,33,39,41,45,45,45,38,54,49,50,24,28,42,35,31,42,40,40,41,31,30,77,93,91,119,110,96,92,116,114,76,87,104,112,127,116,50,61,33,34,42,70,-7,-7,-14,-7,0,0,0,0,0,0,-197,-176,-353,-350,-341,-336,-329,-337,-381,-357,-343,-328,-459,-454,-456,-453,-445,-443,-568,-558,-560,-527,-553,-568,-756,-737,-774,-771,-757,-750]} 1. d4 Nf6 2. c4 e6 3. Nf3 d5 4. Nc3 dxc4 5. e4 b5 6. e5 {D24: Queen's Gambit Accepted: 3 Nf3 Nf6 4 Nc3.} Nd5 7. Nxb5 Nb6 8. Be2 {White is slightly better.} Nc6 9. O-O Be7 10. Qd2 {is currently scoring better than 10.Be3.} Bb7 11. Rd1 Qd7 12. Nc3 Nb4 13. a3 N4d5 14. Ne4 Qc6 {[#]} 15. Re1 $146 ({Predecessor:} 15. Qc2 h6 16. Bf1 Nb4 17. axb4 Qxe4 18. Qxe4 Bxe4 19. b5 c6 20. bxc6 Bxc6 21. Be3 {0-1 (46) Kiremitciyan,A (2281)-Goltseva,E (2306) chess.com INT 2020}) 15... O-O-O 16. Bf1 f5 17. exf6 $1 gxf6 18. Qe2 Kb8 19. Bd2 Rhg8 20. Rac1 Bd6 21. g3 f5 22. Nxd6 cxd6 23. Bg2 (23. Qxe6 $16 Nc7 {[#]} 24. d5 $1 Nbxd5 25. Qe2 (25. Qxf5 Rgf8 $16)) 23... Rde8 $14 24. Nh4 Qb5 25. Rb1 Qb3 26. Bc3 {[#]} ({White should play} 26. Qf3 $14) 26... Nf4 $1 $11 27. gxf4 {Threatens to win with Kh1.} Rg4 $1 {[%mdl 64] Threatening ...Nd5. Double Attack} 28. h3 Rxh4 29. Bxb7 Kxb7 30. Qf3+ Ka6 31. d5 $2 {White is on the road to losing.} (31. Kh2 $11 {and White has nothing to worry.}) 31... Nxd5 $19 {Hoping for ...Rg8+.} ({Inferior is} 31... Rg8+ 32. Kf1 $11) 32. Rxe6 $2 (32. Qg3 Rh6 33. Kh2) 32... Rxe6 33. Qxd5 Rg6+ 34. Kf1 Qb5 35. Rd1 Qxd5 36. Rxd5 Rxf4 {[%mdl 4096] Endgame KRR-KRB} (36... Rxh3 37. Rxf5 Kb6 38. Rf7 $19) 37. Bd4 Rf3 {Black is clearly winning.} 38. Be3 f4 39. Rf5 Re6 40. Bd4 Re4 41. Kg2 Rd3 ({Not} 41... Rxd4 42. Kxf3 Rd2 43. Rxf4 $17) 42. Bc3 d5 43. Rf6+ Kb5 44. Rf7 d4 45. Bb4 Re2 {Weighted Error Value: White=0.35/Black=0.03} 0-1

[Event "Magnus Carlsen Invitational-KO 2021"]
[Site "Online"]
[Date "2021.03.17"]
[Round "2.1"]
[White "Nepomniachtchi, Ian"]
[Black "Carlsen, Magnus"]
[Result "1/2-1/2"]
[WhiteElo "2789"]
[BlackElo "2847"]
[Annotator "TA"]
[PlyCount "40"]
[EventDate "2021.03.16"]
[EventType "k.o."]
[EventCountry "NET"]
[SourceTitle "playchess.com"]
[Source "ChessBase"]
[SourceQuality "1"]

{[%evp 21,40,31,29,30,18,0,0,0,24,9,15,0,0,0,0,0,0,0,0,0,0]} 1. e4 e5 2. Nf3 Nc6 3. Bb5 a6 4. Ba4 Nf6 5. O-O Nxe4 6. d4 b5 7. Bb3 d5 8. dxe5 Be6 9. c3 Be7 10. Nbd2 Nc5 11. Bc2 d4 12. Nb3 {[%cal Rb3d4] C83: Open Ruy Lopez: 9 c3 Be7.} dxc3 13. bxc3 Qxd1 14. Rxd1 {[#] Threatens to win with Be3.} Na4 $146 ({Predecessor:} 14... O-O 15. Bg5 Nxb3 16. axb3 h6 17. Bxe7 Nxe7 18. b4 c5 19. Be4 Ra7 20. bxc5 Rc7 {1-0 (36) Vachier Lagrave,M (2779)-Yu,Y (2738) Stavanger 2019}) 15. Be4 Bd7 {The position is equal.} 16. Rxd7 Kxd7 17. Bf5+ Ke8 18. Be4 $1 {[%cal Re4c6]} Kd7 19. Bf5+ Ke8 20. Be4 $1 {[%cal Re4c6]} Kd7 {An uneventful encounter.  Weighted Error Value: White=0.03/Black=0.03} 1/2-1/2

[Event "Magnus Carlsen Invitational-KO 2021"]
[Site "Online"]
[Date "2021.03.17"]
[Round "2.1"]
[White "Giri, Anish"]
[Black "So, Wesley"]
[Result "1-0"]
[WhiteElo "2776"]
[BlackElo "2770"]
[Annotator "TA"]
[PlyCount "99"]
[EventDate "2021.03.16"]
[EventType "k.o."]
[EventCountry "NET"]
[SourceTitle "playchess.com"]
[Source "ChessBase"]
[SourceQuality "1"]

{[%evp 9,99,16,17,11,20,11,15,14,9,7,17,15,12,0,-6,0,-5,0,1,0,-13,-18,-18,-36,-25,-25,-33,-81,-45,-48,-43,-49,-47,-56,-55,-40,-52,-53,-38,-38,23,0,5,-20,0,25,57,68,65,38,89,60,68,58,281,284,267,264,401,198,270,175,296,176,193,184,185,178,184,172,231,210,220,201,254,250,609,388,421,199,199,199,191,191,178,164,700,687,29997,867,29993,29991]} 1. e4 e5 2. Nf3 Nc6 3. Bb5 Nf6 4. d3 Bc5 5. Bxc6 dxc6 6. O-O {C65: Ruy Lopez: Berlin Defence (3...Nf6), unusual lines and 4 0-0 Bc5.} Nd7 7. c3 $1 {[%mdl 4] is recently more successful than 7.Nbd2.} a5 8. d4 {The position is equal.} Bd6 9. Re1 a4 10. Nbd2 exd4 {[#]} 11. cxd4 $146 ({Predecessor:} 11. Nc4 dxc3 12. Nxd6+ cxd6 13. Qxd6 Qe7 14. Qd4 O-O 15. Qxc3 Qc5 16. Bd2 Qxc3 17. Bxc3 {½-½ (30) Pavlov,V (2430)-Panitevsky,I (2489) ICCF email 2016}) 11... Nb6 12. Nf1 O-O 13. Bg5 f6 14. Bh4 Bg4 15. h3 Bh5 16. Qd3 Qd7 17. g4 Bg6 18. Ne3 {[#]} Nd5 $1 {Strongly threatening ...Nf4.} 19. Nf5 (19. Bg3 Nb4) 19... Nf4 20. Qf1 Bxf5 21. gxf5 g6 22. Bg3 Nh5 (22... gxf5 23. e5 $16) 23. fxg6 hxg6 24. Qg2 Kh7 (24... Nxg3 $15 25. fxg3 Ra5) 25. Rad1 Rae8 26. a3 Bxg3 (26... Bf4 {with more complications.} 27. Nh4 Rf7 28. Kh2 Bg5 29. Nf3 Nf4) 27. fxg3 Qd6 28. Kh2 Re7 29. Rd2 Kg7 (29... Ng7 $14) 30. e5 Qd7 31. Re4 Qd5 $2 {This move loses the game for Black.} (31... Kg8 $14) 32. exf6+ $18 Kxf6 33. Re5 {[%cal Re5d5]} (33. Ne5 Kg7 $14) 33... Qd7 (33... Qd6 {might work better.} 34. Ng5 Kg7) 34. Rg5 (34. Nh4 $142 {Threatens to win with Qe4.} Kf7 35. Qf3+ Nf6 36. Qf4) 34... Qd6 (34... Qe8 $142 35. h4 Kg7) 35. Rf2 Kg7 (35... Re6 {was necessary.}) 36. Nh4 (36. Ne5 $142 Re6 37. Rxf8 Qxf8 38. h4) 36... Re6 37. Nf5+ Rxf5 38. Rfxf5 Qxd4 39. Rg4 Qd6 (39... Qd3 {was called for.} 40. Rf3 (40. Rxh5 $2 Re2 $17) 40... Qd1) 40. Rf2 (40. Rxh5 Qd3 $11) 40... Re3 41. Re2 (41. Rxa4 $2 Rxg3 42. Qf1 Rxa3+ 43. Raf4 Ra4 $19) 41... Rd3 42. Qf2 c5 $2 (42... Nf6) 43. Rg5 c4 44. Rge5 (44. Qf5 $142 {White wants to mate with Re7+!} Qf6 45. Re7+ $3 {[%mdl 512]} Kf8 46. Qxf6+ Nxf6 47. Rxc7 {[%mdl 64] Double Attack}) 44... Nxg3 45. Re7+ Kh6 46. Qf8+ {[%mdl 1024] White has strong compensation.} ({Avoid the trap} 46. R2e5 $2 {[#]} Rd2 $1 $19) 46... Kg5 47. Rg2 {Black must now prevent Rf7.} Re3 $2 (47... Rd2) 48. Rf7 ({Worse is} 48. Rxe3 Qxf8 49. Rexg3+ Kh6 $11) ({Less strong is} 48. h4+ Kxh4 49. Rh7+ Nh5+ 50. Qxd6 cxd6 $16) 48... Qd1 {[%csl Gg3][%cal Rd1h1]} 49. Rf1 (49. Rxg3+ $142 Rxg3 50. Qe7+ {[%mdl 64] Double Attack} Kh6 51. Rh7#) 49... Qd3 50. Rf4 {Weighted Error Value: White=0.31/Black=0.69} 1-0

[Event "Magnus Carlsen Invitational-KO 2021"]
[Site "Online"]
[Date "2021.03.17"]
[Round "2.1"]
[White "So, Wesley"]
[Black "Giri, Anish"]
[Result "0-1"]
[WhiteElo "2770"]
[BlackElo "2776"]
[Annotator "TA"]
[PlyCount "72"]
[EventDate "2021.03.16"]
[EventType "k.o."]
[EventCountry "NET"]
[SourceTitle "playchess.com"]
[Source "ChessBase"]
[SourceQuality "1"]

{[%evp 10,72,31,17,13,15,12,15,19,26,37,-6,20,0,-4,-21,-6,-6,50,54,43,38,39,9,26,25,20,0,0,0,24,0,0,-9,0,0,0,0,0,-225,-91,-100,-98,-40,-39,-39,-39,-28,-32,-68,-25,-276,-282,-389,-382,-645,-471,-779,-759,-912,-449,-29979,-29967,-2559,-2302]} 1. d4 {Wojtaszek,R} Nf6 2. c4 g6 3. Nc3 d5 4. Bf4 Bg7 5. e3 O-O 6. Rc1 Be6 {D83: Grünfeld: 4 Bf4 Bg7 5 e3 0-0.} 7. c5 c6 8. Bd3 Bg4 $5 {[%mdl 4] The position is equal. Leaves trodden paths.} 9. Nge2 {[#]} b6 $146 ({Predecessor:} 9... Re8 10. f3 Bc8 11. O-O Nbd7 12. Bg5 e5 13. b4 Nf8 14. Bh4 Bh6 15. f4 e4 {1-0 (46) Wojtaszek,R (2733)-Vachier Lagrave,M (2731) Biel 2015 CBM 168 [Wojtaszek,R]}) 10. Na4 Nfd7 11. f3 e5 12. Bxe5 Nxe5 13. dxe5 Bc8 ({Black should play} 13... Bd7 $11) 14. f4 $1 $14 f6 15. exf6 Qxf6 16. O-O Qe7 17. Qd2 Re8 18. Rf3 Bg4 19. Rg3 Bxe2 20. Bxe2 Nd7 {[%cal Bb8d7,Bd7f6,Bf6e4][%mdl 32]} 21. b4 Nf6 {aiming for ...Ne4.} 22. Nc3 ({Don't blunder} 22. cxb6 $2 Ne4 $19) 22... bxc5 23. bxc5 Rad8 ({Much weaker is} 23... Qxc5 $6 24. Nxd5 $1 {[%mdl 512]} Qd6 25. Nxf6+ Qxf6 26. Qc2 $16) 24. f5 $2 (24. Bd3 $11) 24... gxf5 (24... Bh6 $19 25. fxg6 Bxe3+ 26. Rxe3 Qxe3+ 27. Qxe3 Rxe3 28. gxh7+ Kxh7) 25. Rf1 $17 Ne4 26. Nxe4 fxe4 27. Bg4 $1 Rf8 28. Bf5 Rf6 $36 {[%mdl 2048] Hoping for ...Rdf8. Black is pushing.} ({Don't play} 28... Qxc5 $6 29. Qd1 $16) 29. Qe2 Qf7 30. Qg4 $2 {[%mdl 8192] [#] This move loses the game for White.} (30. Rg5 $11) 30... Rf8 $1 $19 31. Rf2 {[#] Be6! is the strong threat.} Kh8 $1 32. Be6 $2 (32. Qxg7+ Qxg7 33. Rxg7 Kxg7 34. g4) 32... Qe7 33. Bf5 (33. Rxf6 $142 Qxf6 34. Qxg7+ Qxg7 35. Rxg7 Kxg7 36. Bd7) 33... Bh6 34. Rh3 Qe5 (34... Qxc5 $142 {Strongly threatening ...Qc1+.} 35. Qe2 Rxf5 36. Rxf5 Rxf5) 35. Rf1 (35. Rxh6 $19 Rxh6 36. Qf4 Qxf4 37. Rxf4) 35... Rxf5 36. Rxf5 Rxf5 {Weighted Error Value: White=0.71/Black=0.33} 0-1